|
|
|
|
| LEADER |
01593nam a2200385 i 4500 |
| 001 |
EBC5502850 |
| 003 |
MiAaPQ |
| 005 |
20200520144314.0 |
| 006 |
m o d | |
| 007 |
cr cnu|||||||| |
| 008 |
180924s2018 qea o 000 0 eng d |
| 020 |
|
|
|z 9780730359531
|
| 020 |
|
|
|a 9780730359555 (e-book)
|
| 035 |
|
|
|a (MiAaPQ)EBC5502850
|
| 035 |
|
|
|a (Au-PeEL)EBL5502850
|
| 035 |
|
|
|a (OCoLC)1050360693
|
| 040 |
|
|
|a MiAaPQ
|b eng
|e rda
|e pn
|c MiAaPQ
|d MiAaPQ
|
| 050 |
|
4 |
|a HD30.3
|b .J335 2018
|
| 082 |
0 |
|
|a 658.45
|2 23
|
| 100 |
1 |
|
|a Jackson, Douglas,
|e author.
|
| 245 |
1 |
0 |
|a How to speak human :
|b a practical guide to getting the best from the humans you work with /
|c Jackson & Jackson.
|
| 264 |
|
1 |
|a Milton, Qld :
|b Wiley,
|c 2018.
|
| 300 |
|
|
|a 1 online resource (225 pages)
|
| 336 |
|
|
|a text
|b txt
|2 rdacontent
|
| 337 |
|
|
|a computer
|b c
|2 rdamedia
|
| 338 |
|
|
|a online resource
|b cr
|2 rdacarrier
|
| 588 |
|
|
|a Description based on print version record.
|
| 590 |
|
|
|a Electronic reproduction. Ann Arbor, MI : ProQuest, 2018. Available via World Wide Web. Access may be limited to ProQuest affiliated libraries.
|
| 650 |
|
0 |
|a Communication in management.
|
| 650 |
|
0 |
|a Work environment.
|
| 655 |
|
4 |
|a Electronic books.
|
| 700 |
1 |
|
|a Jackson, Jennifer,
|e author.
|
| 776 |
0 |
8 |
|i Print version:
|a Jackson, Douglas.
|t How to speak human : a practical guide to getting the best from the humans you work with.
|d Milton, Qld : Wiley, 2018
|h 225 pages
|z 9780730359531
|
| 797 |
2 |
|
|a ProQuest (Firm)
|
| 856 |
4 |
0 |
|u https://ebookcentral.proquest.com/lib/matrademy/detail.action?docID=5502850
|z Click to View
|